000 00832nas a2200265 4500
001 BR2011005583
003 BR-BrBNA
005 20231205115125.0
007 ta
008 230509b bl.|||p| |||| 00| 00por d
040 _aBR-BrBNA
_bpor
_cBiblioteca Nacional de Agricultura
041 _a(Pt)
072 _aF04; F08
100 1 _aSilva, T.R.B. da
100 1 _aLemos, L.B.
100 1 _aCrusciol, C.A.C.
245 1 _aProdutividade e características tecnológicas de cultivares de feijão em resposta à calagem superficial em plantio direto
650 _aFEIJÃO
650 _aCALAGEM
650 _aACIDEZ DO SOLO
650 _aPLANTIO DIRETO
773 0 _tBragantia (Brazil)
_xISSN 0006-8705
_g(Jan-Mar 2011), v. 70(1) p. 196-205
_wBR2011005583
909 _a202311
_bLúcia
_c55
_dLúcia Elande
942 _2AGRIS
_n0
_cANA
999 _c212197
_d212197